Normal view MARC view
  • ROBERT B. DENHARDT, JANET V. DENHARDT, MARIA P. ARISTIGUETA, & KELLY C. RAWLINGS

Entry Personal Name

Number of records used in: 1

001 - CONTROL NUMBER

  • control field: 33925

003 - CONTROL NUMBER IDENTIFIER

  • control field: OSt

005 - DATE AND TIME OF LATEST TRANSACTION

  • control field: 20250327160246.0

008 - FIXED-LENGTH DATA ELEMENTS

  • fixed length control field: 250327|| aca||aabn | a|a d

040 ## - CATALOGING SOURCE

  • Original cataloging agency: OSt
  • Transcribing agency: OSt

100 ## - HEADING--PERSONAL NAME

  • Personal name: ROBERT B. DENHARDT, JANET V. DENHARDT, MARIA P. ARISTIGUETA, & KELLY C. RAWLINGS

670 ## - SOURCE DATA FOUND

  • Source citation: Work cat.: (OSt)6602: ROBERT B. DENHARDT, JANET V. DENHARDT, MARIA P. ARISTIGUETA, & KELLY C. RAWLINGS, MANAGING HUMAN BEHAVIOR IN PUBLIC AND NONPROFIT ORGANIZATIONS

Copyright © 2024 Indian Institute of Management Visakhapatnam
Koha v23.05